=LDR 00000nam 2200000 4500 =001 INLIS000000000038867 =005 20190402033005 =035 ##$$a 0010-061300000038867 =008 190402###########################0#ind## =041 ##$$a ind =082 ##$$a 813 =090 ##$$a 813, Gra m.1 =100 ##$$a GRAHAM, Healer =245 1#$$a Malam mematikan /$c Healer graham;Alih bahasa, Hana francis rhien =260 ##$$a Jakarta :$b Gramedia,$c 2011 =300 ##$$a 480 Hlm, ; $c 18 Cm =650 ##$$a FIKSI =850 ##$$a NBPNMAT =020 ##$$a 978-979-22-7527-8 =084 ##$$a 813 GRA m =710 ##$$a RHIEN, HANA FRANCIS =990 ##$$a 21400613/BPAP-NTB/20142014 =990 ##$$a 06990699 =990 ##$$a 21111934 =990 ##$$a 21400613/BPAP-NTB/20142014